LEADER 00648nam a2200169 i 4500 001 000000249005 003 CaOOAMICUS 005 20160428000000.0 008 160428s1847 xx u000 u fre u 013 $a227910 040 $aSeMil$bita 245 10$aBreslau-Catalogne. 300 $a792 p. 773 0 $tEncyclopédie moderne.$bNouvelle édition / publiée par mm. Firmin Didot frères ; sous la direction de m. Léon Renier.$dParis : Firmin Didot frères, 1846-1854.$g7$w()5142 850 $aSeMil 852 $aSeMil$W1$xVenegono$y1$m1D VI 7 FA$j199351$B199351$CSeMilBibl$Z2$F210784 $8I 996 $6245$aBreslau-Catalogne$9(OLS)http://semarc/title/351281 LEADER 01089nam a2200205 i 4500 001 000000236557 003 CaOOAMICUS 005 20141204000000.0 008 141204s1741 it u000 u mul u 013 $a215461 026 $ae.a- i.n- d.8. ++++ (3) 1741 (R) - [3. e 4. gruppo rilevati alla c. XIII] 040 $aSeMil$bita 245 10$aParte seconda Delle vergini a Dio dedicate. 250 $aTerza edizione. 300 $a[4] c., CVIII col., [2] c., 108 carte di tav. 500 $aSegn. : pigreco4 A-C4 2D6. 773 0 $aBonanni, Filippo $tCatalogo degli ordini religiosi della chiesa militante espressi con imagini, e spiegati con una breue narrazione, offerto alla santita di n.s. Clemente 11. dal p. Filippo Bonanni della compagnia di Gesu parte. Parte 1. [-3.].$dIn Roma : Nella Stamperia di Antonio de' Rossi nella strada del Seminario Romano, 1738.$g2$w()29470 850 $aSeMil 852 $aSeMil$W1$xVenegono$y1$m3A IV 113 FA$j186903$B186903$CSeMilBibl$Z2$F197615 $8I 996 $6245$aParte seconda Delle vergini a Dio dedicate$9(OLS)http://semarc/title/337105